000 01389cam a2200337 i 4500
942 _cBK
999 _c455
_d455
001 18158135
003 OSt
005 20250420134811.0
008 140520s2013 enka 000 0 eng
010 _a 2014397189
020 _a9781107422100 (Intermediate Student's Bk. with DVD-ROM)
040 _aDLC
_beng
_cDLC
_erda
_dKCST
042 _apcc
050 0 0 _aPE1128
_b.R432244 2013
100 1 _aRedston, Chris,
_eauthor.
_94566
245 1 0 _aFace2face.
_pIntermediate.
_pStudent's book. /
_cChris Redston & Gillie Cunningham.
246 3 _aFace 2 face.
_pIntermediate.
_pStudent's book.
246 3 _aFace to face.
_pIntermediate.
_pStudent's book.
250 _aSecond Edition.
260 _aCambridge ;
_bCambridge University Press,
_c2013.
300 _a175 pages :
_bcolor illustrations ;
_c28 cm +
_e1 DVD-ROM (4 3/4 in.) and online workbook.
650 0 _aEnglish language
_vTexbooks for foreign speakers.
_94567
650 0 _aEnglish language
_xGrammar
_vProblems, exercises, etc.
_9112
650 0 _aEnglish language
_xRhetoric
_vProblems, exercies, etc.
_94568
650 0 _aVocabulary
_vProblems, exercies, etc.
_94569
650 0 _aEnglish language
_vVideo recordings for English speakers.
_94570
700 1 _aCunningham, Gillie,
_eauthor.
_94571
856 4 2 _3Publisher description
_uhttp://www.loc.gov/catdir/enhancements/fy1408/2014397189-d.html
942 _2ddc